Normal view
MARC view
Entry Topical Term
001 - CONTROL NUMBER
- control field: 5401
003 - CONTROL NUMBER IDENTIFIER
- control field: AUA.1
005 - DATE AND TIME OF LATEST TRANSACTION
- control field: 20111010094814.0
008 - FIXED-LENGTH DATA ELEMENTS
- fixed length control field: 111010|||a|||||| | ||| d
040 ## - CATALOGING SOURCE
- Original cataloging agency: AUA.1
- Transcribing agency: AUA.1
150 ## - HEADING--TOPICAL TERM
- Topical term or geographic name as entry element: Preaching.
670 ## - SOURCE DATA FOUND
- Source citation: Work cat.: (AUA.1)0: Robinson, Haddon W. 5400, Expository preaching :, 1986, c1980.